banner koha

The effects of xanthan gum on equine sperm quality during cooling storage (Registro n. 328110)

MARC details
000 -LÍDER
fixed length control field 03900nab a2200361 i 4500
003 - CÓDIGO MARC DA AGÊNCIA CATALOGADORA
Campo de controle BR-BrBNA
005 - DATA E HORA DA ÚLTIMA ATUALIZAÇÃO
Campo de controle 20241015092456.0
008 - CAMPO DE TAMANHO FIXO
fixed length control field 241015b2019 bl.|r|pooa||| 00| 0 eng |
040 ## - FONTE DA CATALOGAÇÃO
Agência catalogadora BR-BrBNA
Idioma da catalogação eng
072 ## - CATEGORIA AGRIS
Código AGRIS L53
Código do objeto 5120
100 ## - ENTRADA PRINCIPAL - NOME PESSOAL
Nome pessoal Gheller, S.M.M.
100 ## - ENTRADA PRINCIPAL - NOME PESSOAL
Nome pessoal Corcini, C.D.
100 ## - ENTRADA PRINCIPAL - NOME PESSOAL
Nome pessoal Santos, F.C.C.
100 ## - ENTRADA PRINCIPAL - NOME PESSOAL
Nome pessoal Tavares, G.C.
100 ## - ENTRADA PRINCIPAL - NOME PESSOAL
Nome pessoal Costa, V.G.G.
100 ## - ENTRADA PRINCIPAL - NOME PESSOAL
Nome pessoal Curcio, B.R.
100 ## - ENTRADA PRINCIPAL - NOME PESSOAL
Nome pessoal Nogueira, C.E.W.
100 ## - ENTRADA PRINCIPAL - NOME PESSOAL
Nome pessoal Varela Junior, A.S.
245 ## - TÍTULO PRINCIPAL
Título principal The effects of xanthan gum on equine sperm quality during cooling storage
500 ## - NOTA GERAL
Nota geral Publicação online; 21 ref.; 5 tables; Summaries (En, Pt)
942 ## - ADDED ENTRY ELEMENTS (KOHA)
Koha item type Analítica
520 ## - NOTA DE RESUMO
Nota de conteúdo <br/><br/>ABSTRACT - This study was designed to evaluate the possible benefits of adding xanthan gum to a standard extender for equine through in vitro analyzes of sperm quality. Semen was collected four times from five different stallions (n= 20 samples) and subjected to cooled storage under different conditions: control (only standard extender) and three different concentrations of xanthan gum (0.01%, 0.12%, and 0.25%) supplemented to the extenders. Sperm parameters, such as motility, mitochondrial functionality, and membrane, acrosome, and DNA integrity were measured after 0h, 24h, 48h, and 72h of sperm storage at 5ºC. Our observations indicated that sperm motility declined with longer cooling period with the 0.25% xanthan gum supplementation group compared with the control group. Other parameters, such as mitochondrial functionality and membrane and acrosome integrity also declined for all treatments during storage; however, no differences were observed between xanthan gum and control groups. DNA integrity did not significantly change during the storage. In conclusion, the addition of xanthan gum to equine semen extender is not harmful to the sperm structure, despite reducing the sperm motility.<br/><br/><br/>Keywords: cooled, stallion, semen, spermatozoa, storage
520 ## - NOTA DE RESUMO
Nota de conteúdo <br/><br/>RESUMO - Esse estudo foi desenvolvido para avaliar os possíveis benefícios de acrescentar xanthan gum a um extensor padrão através de analises in vitro de qualidade de esperma. Semen foi coletado quatro vezes de cinco garanhões diferentes (n = 20 amostras) e submetido a armazenamen to resfriado em diferentes condições: controle (apenas extensor padrão) e três diferentes concentrações de xanthan gum (0,01%, 0,12% e 0,25%) suplementado aos extensores. Parâmetros dos espermatozoides, como mobilidade, funcionamento mitocondrial e integridade de membranas, acrossomos e DNA forma medidos após 0h, 24h, 48h e 72h de armazenamento a 5oC. Nossas observações indicaram que motilidade reduziu com armazenamento resfriado prolongado no grupo de 0,25% de suplementação de xanthan gum comparado ao grupo controle. Outros parâmetros, como funcionalidade mitocondrial e integridade de membrana e acrossomos também reduziu em todos os tratamentos durante o armazenamento, no entanto não foram detectadas diferenças significativas entre grupos tratados e grupo controle. Integridade de DNA não mudou significativamente durante armazenamento. Em conclusão, a adição de xanthan gum a extensor de sêmen equino não é danosa à estrutura do espermatozoide apesar de reduzir motilidade.<br/><br/><br/>Palavras-chave: resfriamento, garanhão, sêmen, espermatozoide, armazenamento
650 ## - ASSUNTO - THESAGRO
Cabeçalho tópico ou nome geográfico GARANHÃO
650 ## - ASSUNTO - THESAGRO
Cabeçalho tópico ou nome geográfico APARELHO REPRODUTOR
650 ## - ASSUNTO - THESAGRO
Cabeçalho tópico ou nome geográfico SEMEN
650 ## - ASSUNTO - THESAGRO
Cabeçalho tópico ou nome geográfico ESPERMATOZOIDE
650 ## - ASSUNTO - THESAGRO
Cabeçalho tópico ou nome geográfico ARMAZENAMENTO
650 ## - ASSUNTO - THESAGRO
Cabeçalho tópico ou nome geográfico RESFRIAMENTO
773 0# - ENTRADA ANALÍTICA
Host Biblionumber 1643
Registro do item 345321
Imprenta Belo Horizonte-MG Universidade Federal de Minas Gerais - Escola de Veterinaria 1983
Outro identificador 2024-5846
Título Arquivo Brasileiro de Medicina Veterinária e Zootecnia (Brazil)
ISSN 0102-0935
Colação v. 71(1) p. 28-34. (2019)
Número de controle de registro BR2024002871
856 ## - ACESSO E ENDEREÇO ELETRÔNICO
Identificador uniforme de recurso - URI https://www.scielo.br/j/abmvz/a/mWHCtBTLMjQdFkX73tRcF9v/?format=pdf&lang=en

Nenhum exemplar disponível.

BINAGRI

Telefone: (61)3218-2567/2388/3357/2097 - binagri@agro.gov.br

Ministério da Agricultura e Pecuária , Esplanada dos Ministérios, Bloco D, Anexo B, Brasília/DF, CEP: 70.043-900